| 000 | 01085cam a22003015a 4500 | ||
|---|---|---|---|
| 001 | 017156682 | ||
| 003 | OSt | ||
| 005 | 20160510121112.0 | ||
| 008 | 150331s2015 enka frb 001 0 eng d | ||
| 020 | _a9781784531690 | ||
| 040 |
_aStDuBDS _beng _cStDuBDS _dEG-ScBUE |
||
| 082 | 0 | 4 |
_a327.5505691 _222 _bVON |
| 100 | 1 |
_aVon Maltzahn, Nadia, _d1983- _939947 |
|
| 245 | 1 | 4 |
_aThe Syria-Iran axis : _bcultural diplomacy and international relations in the Middle East / _cNadia Von Maltzahn. |
| 260 |
_aLondon ; _aNew York : _bI. B. Tauris & Co Ltd., _c2015. |
||
| 300 |
_ax, 272 p. : _bill. ; _c22 cm. |
||
| 500 | _aOriginally published : 2013. | ||
| 500 | _aIndex : p. [265]-272. | ||
| 504 | _aBibliography : p. 251-264. | ||
| 650 | 0 |
_aPublic opinion _zIran. _2BUEsh |
|
| 650 | 0 |
_aPublic opinion _zSyria. _2BUEsh |
|
| 651 | 0 |
_aIran _xForeign relations _zSyria. _2BUEsh |
|
| 651 | 0 |
_aSyria _xForeign relations _zIran. _2BUEsh |
|
| 651 | 0 |
_aIran _xForeign public opinion, Syrian. _2BUEsh |
|
| 651 | 0 |
_aSyria _xForeign public opinion, Iranian. _2BUEsh |
|
| 653 |
_bCOMSCI _cMay2016 |
||
| 942 | _2ddc | ||
| 999 |
_c21720 _d21692 |
||